Integrated risk assessment : applications and regulations : proceedings of the third conference on integrated risk assessment, Newcastle, N.S.W., Australia, 7-8 may, 1998 (Record no. 216560)

MARC details
000 -LEADER
fixed length control field 00736nam a2200205Ia 4500
008 - FIXED-LENGTH DATA ELEMENTS--GENERAL INFORMATION
fixed length control field 191130s1998##################000#0#eng##
020 ## - INTERNATIONAL STANDARD BOOK NUMBER
ISBN 9054109580
082 ## - DEWEY DECIMAL CLASSIFICATION NUMBER
Classification number 333.714 STE
245 ## - TITLE STATEMENT
Title Integrated risk assessment : applications and regulations : proceedings of the third conference on integrated risk assessment, Newcastle, N.S.W., Australia, 7-8 may, 1998
Statement of responsibility, etc edited by M.G. Stewart & R.E. Melchers
260 ## - PUBLICATION, DISTRIBUTION, ETC. (IMPRINT)
Place of publication Rotterdam
Name of publisher A.A. Balkema Publishers
Year of publication 1998
300 ## - PHYSICAL DESCRIPTION
Number of Pages vii, 139 p. : ill. ; 26 cm
500 ## - GENERAL NOTE
General note Includes index
650 ## - SUBJECT ADDED ENTRY--TOPICAL TERM
Topical Term Risk assessment
700 ## - ADDED ENTRY--PERSONAL NAME
Personal name Melchers, R. E
Personal name Stewart, M. G
991 ## -
-- 239981
Holdings
Withdrawn status Lost status Damaged status Not for loan Home library Current library Shelving location Date acquired Full call number Accession Number Price effective from Koha item type
        Anna Centenary Library Anna Centenary Library 4TH FLOOR, A WING 13.10.2020 333.714 STE 258685 13.10.2020 English Books

Find us on the map